Traité d'électricité (Registro nro. 37723)

Detalles MARC
000 -ENCABEZADO
Número de control [NR] 02171nam a2200301Ia 4500
008 - DE LONGITUD FIJA DE DATOS DE ELEMENTOS - INFORMACIÓN GENERAL
Elementos de longitud fija [NR] 130821s1807 fr a gr fre
040 ## - FUENTE DE CATALOGACION [NR]
Agencia de catalogación original [NR] Co-BoUCM
Idioma de catalogación [NR] spa
041 0# - CODIGO DE IDIOMA [R]
Código de idioma para texto/pista de sonido o título separado [R] Francés
092 ## - SIGNATURA TOPOGRAFICA LOCAL
Número de clasificación local E21N019
100 1# - ASIENTO PRINCIPAL--NOMBRE PERSONAL [NR]
Nombre personal [NR] Gavarret, J.
242 00 - TRADUCCION DEL TITULO POR LA AGENCIA CATALOGADORA [R]
Título [NR] Tratado de electricidad
Mención de responsabilidad, etc. [NR] por J. Gavarret
Número de la parte o sección [R] Tomo primero. Con 280 ilustraciones en el texto
Código de idioma del título traducido [NR] spa
245 10 - MENCION DE TITULO [NR]
Título [NR] Traité d'électricité
Mención de responsabilidad, etc. [NR] par J. Gabarret
Número de la parte/sección de la obra [R] Tome premier avec 280 figures dans le texte.
246 13 - FORMA VARIANTE DEL TITULO [R]
Título propiamente dicho/forma breve del título [NR] Tratado de electricidad
Número de la parte/sección de la obra [R] Tomo primero. Con 280 ilustraciones en el texto.
260 ## - PUBLICACION, DISTRIBUCION, ETC. (PIE DE IMPRENTA) [R]
Lugar de publicación, distribución, etc. [R] París (Francia)
Nombre del editor, distribuidor, etc. [R] Víctor Masson
Fecha de publicación, distribución, etc. [R] 1807
300 ## - DESCRIPCION FISICA [R]
Extensión [R] vi, 595 páginas
Otros detalles físicos [NR] ilustraciones
500 ## - NOTA GENERAL [R]
Nota general [NR] Detalles físicos: Encuadernación rígida (holandesa) en cartón duro forrado en papel jaspeado con leve daño en las esquinas; lomo de piel con letras y líneas decorativas en dorado. Guardas en papel de agua. Conserva anteportada y portada impresa a una sola tinta, con diferentes tipos de letra. Texto bien impreso en una sola columna sobre papel de buena calidad; algunas ilustraciones entre el texto sobre fenómenos y aparatos de laboratorio (Pág. 78, 150 y 151, 249, 387) algunos de ellos firmados. Papel con manchas de humedad. En la Anteportada al reversa anotación: "L. Zerda". Y en la portada, sello de tinta que dice: "El Colegio de Nuestra Señora del Rosario".
500 ## - NOTA GENERAL [R]
Nota general [NR] Incluye índice.
505 0# - NOTA DE CONTENIDO CON FORMATO PREESTABLECIDO [R]
Nota de contenido con formato preestablecido [NR] V.1: Electricidad estática: fenómenos fundamentales. ; Las fuerzas eléctricas. ; Electricidad por influencia o por inducción. ; Las descargas eléctricas -- Magnetismo: Fenómenos generales. ; Hipótesis de los fluidos magnéticos. ; Acción del globo terrestre. ; Procedimientos de imantación -- Electricidad dinámica: Consideraciones preliminares. ; Fenómenos electro-dinámicos. ; Orígenes de la fuerza electromotriz. ; Propiedades químicas de la electricidad.
506 ## - NOTA DE RESTRICCIONES DE ACCESO [R]
Condiciones de acceso [NR] Consulta en sala.
546 ## - NOTA DE IDIOMA [R]
Nota de idioma [NR] Texto en francés.
650 04 - ASIENTO SECUNDARIO DE MATERIA - TERMINO TEMATICO [R]
Término temático o nombre geográfico como elemento de entrada [NR] Electricidad
9 (RLIN) 13958
650 04 - ASIENTO SECUNDARIO DE MATERIA - TERMINO TEMATICO [R]
Término temático o nombre geográfico como elemento de entrada [NR] Energía eléctrica
9 (RLIN) 14230
650 04 - ASIENTO SECUNDARIO DE MATERIA - TERMINO TEMATICO [R]
Término temático o nombre geográfico como elemento de entrada [NR] Física
9 (RLIN) 15907
700 1# - ASIENTO SECUNDARIO - NOMBRE PERSONAL [R]
Nombre personal [NR] Martinet, L.
Término de relación [R]
700 1# - ASIENTO SECUNDARIO - NOMBRE PERSONAL [R]
Nombre personal [NR] Masson, Víctor
Término de relación [R]
942 ## - ELEMENTOS DE ENTRADA AGREGADOS (KOHA)
Tipo de ítem principal el descrito en 300a Libro
Tema principal Ciencias puras
Edición 1
Sistema de clasificación DEWEY
Clasificación 537
Existencias
Total préstamos Código de barras Última vez visto Volúmen / Fascículo Ejemplar Price effective from Tipo de ítem Perdido Sistema de clasificación Dañado No prestable Tipo de ítem específico Suprimido Ubicación habitual Ubicación actual Localización Fecha de creación Forma de adquisición Costo
  L003107 15/12/2012 E21N019 V.1 Ej.1 03/02/2013 Libro   DEWEY     Libro archivo     Archivo Histórico Archivo histórico 28/02/2013 Donación 0.00